| 000 | 00412nam a22001457a 4500 | ||
|---|---|---|---|
| 008 | 230612b |||||||| |||| 00| 0 eng d | ||
| 040 |
_aNational Science Library _cNational Science Library |
||
| 080 |
_aR 912(540) _bK3;8 |
||
| 245 |
_aSchool atlas _c/ Mudran kala Mandir |
||
| 260 |
_aLucknow: _bMudran Kala Mandir, _c1961 |
||
| 300 | _ax, 62p. | ||
| 650 | _aGeography | ||
| 653 | _aMaps | ||
| 942 |
_2udc _cREF |
||
| 999 |
_c42514 _d42514 |
||